| 000 | 00497nam a2200157 4500 | ||
|---|---|---|---|
| 001 | 140428 | ||
| 003 | ES-MaACL | ||
| 005 | 20230906200057.0 | ||
| 007 | t| | ||
| 008 | 070214s1915 sp r ||||1| spa d | ||
| 100 | 1 |
_aSegura Soriano, José M. _9105229 |
|
| 245 | 1 | 0 |
_aConcepto de la propiedad o dominio público _b: memoria para el grado de Doctor / _cJosé M. Segura Soriano. |
| 260 |
_aGranada : _b[s. n.], _c1915 ( _fTip. Guevara) |
||
| 300 |
_a47 p. ; _c23 cm. |
||
| 852 |
_aES-MaACL _j1492-F-1 |
||
| 999 |
_c140428 _d140428 |
||